Biología / (Record no. 50475)

MARC details
000 -LEADER
campo de control de longitud fija 00645nam a2200205 i 4500
001 - NÚMERO DE CONTROL
campo de control 50475
003 - IDENTIFICADOR DE NÚMERO DE CONTROL
campo de control ES-MaACL
007 - CAMPO FIJO DE DESCRIPCIÓN FÍSICA--INFORMACIÓN GENERAL
campo de control de longitud fija t|
008 - DATOS DE LONGITUD FIJA--INFORMACIÓN GENERAL
campo de control de longitud fija 030804s1982 sp ||||1| spa d
100 1# - ENTRADA PRINCIPAL--NOMBRE DE PERSONA
Nombre de persona Czihak, G.
9 (RLIN) 42330
245 10 - MENCIÓN DEL TÍTULO
Título Biología /
Mención de responsabilidad, etc. G. Czihak, H. Lauger, H. Ziegler ; versión de C. von Carstenn, F. J. Nieto ; revisión de K. Miralles.
250 ## - MENCION DE EDICION
Mención de edición [1ª ed.].
260 ## - PUBLICACIÓN, DISTRIBUCIÓN, ETC.
Lugar de publicación, distribución, etc. [Madrid] :
Nombre del editor, distribuidor, etc. Alhambra,
Fecha de publicación, distribución, etc. [1982]
300 ## - DESCRIPCIÓN FÍSICA
Extensión XXIII, 896 p. :
Otras características físicas il. ;
Dimensiones 25 cm.
700 1# - ENTRADA AGREGADA--NOMBRE PERSONAL
Nombre de persona Lauger, H.
9 (RLIN) 70594
700 1# - ENTRADA AGREGADA--NOMBRE PERSONAL
Nombre de persona Ziegler, H.
9 (RLIN) 118234
700 1# - ENTRADA AGREGADA--NOMBRE PERSONAL
Nombre de persona Carstenn, C. von.
9 (RLIN) 35862
700 1# - ENTRADA AGREGADA--NOMBRE PERSONAL
Nombre de persona Miralles, K.
9 (RLIN) 81487
852 ## - LOCALIZACIÓN
Ubicación ES-MaACL
Número de control de estantería L-3274
Sublocalización o colección R.104234
Holdings
Estatus retirado Estado de pérdida Estado de daño No para préstamo Biblioteca de origen Biblioteca actual Ubicación en estantería Fecha de adquisición Fuente de adquisición Total de préstamos Signatura topográfica completa Código de barras Visto por última vez Precio de reemplazo Tipo de ítem Koha
        Biblioteca del Ateneo de Madrid Biblioteca del Ateneo de Madrid Depósito 2 17/01/2008     L-3274 1053096 23/02/2023 23/02/2023 Libro impreso